[Event "EU-Cup 35th"]
[Site "Ulcinj"]
[Date "2019.11.16"]
[Round "7.13"]
[White "Kirszenberg, Marc"]
[Black "Carbonnel, Pierre"]
[Result "1-0"]
[WhiteElo "2137"]
[BlackElo "2175"]
[PlyCount "67"]
[EventDate "2019.11.10"]
[EventType "team-swiss"]
[EventRounds "7"]
[EventCountry "MNE"]
[SourceTitle "CBM 193 Extra"]
[Source "ChessBase"]
[SourceDate "2020.01.31"]
[SourceVersion "1"]
[SourceVersionDate "2020.01.31"]
[SourceQuality "1"]
[WhiteTeam "Asnieres"]
[BlackTeam "Viernheim"]
[WhiteTeamCountry "FRA"]
[BlackTeamCountry "GER"]

1. d4 d5 2. Nf3 Nf6 3. c4 dxc4 4. e3 Bg4 5. Bxc4 e6 6. Nc3 Nc6 7. Bb5 Bd6 8. e4 Nd7 9. Be3 0-0 10. h3 Bh5 11. g4 Bg6 12. h4 Bb4 13. Ng5 Nf6 14. f3 h5 15. gxh5 Bxh5 16. Qd2 e5 17. Bxc6 bxc6 18. dxe5 Nd7 19. f4 Qe7 20. Qg2 f6 21. exf6 Nxf6 22. Rh3 Ng4 23. Qe2 Rad8 24. Bd2 Qd7 25. 0-0-0 Nf6 26. Qc4+ Kh8 27. Rhh1 Bxd1 28. Rxd1 Bxc3 29. bxc3 Qd3 30. Qxd3 Rxd3 31. Kc2 Rg3 32. f5 Rg2 33. Re1 Rd8 34. Nf7+ 1-0

[Event "EU-Cup 35th"]
[Site "Ulcinj"]
[Date "2019.11.11"]
[Round "2.14"]
[White "Carbonnel, Pierre"]
[Black "Rozentalis, Eduardas"]
[Result "0-1"]
[WhiteElo "2175"]
[BlackElo "2547"]
[PlyCount "55"]
[EventDate "2019.11.10"]
[EventType "team-swiss"]
[EventRounds "7"]
[EventCountry "MNE"]
[SourceTitle "CBM 193 Extra"]
[Source "ChessBase"]
[SourceDate "2020.01.31"]
[SourceVersion "1"]
[SourceVersionDate "2020.01.31"]
[SourceQuality "1"]
[WhiteTeam "Viernheim"]
[BlackTeam "Koge Xtracon"]
[WhiteTeamCountry "GER"]
[BlackTeamCountry "DEN"]

1. e4 Nf6 2. e5 Nd5 3. d4 d6 4. c4 Nb6 5. exd6 cxd6 6. Nc3 g6 7. Be3 Bg7 8. Rc1 0-0 9. b3 a5 10. Be2 a4 11. Nf3 axb3 12. Qxb3 d5 13. cxd5 e6 14. 0-0 Nxd5 15. Nxd5 exd5 16. Ne5 Qa5 17. Bf3 Be6 18. Rc2 Qa4 19. Qb2 Nc6 20. Nxc6 bxc6 21. Rfc1 Rfb8 22. Qc3 Rb6 23. Rb2 Rxb2 24. Qxb2 Qxa2 25. Qxa2 Rxa2 26. h3 Ra4 27. Rxc6 Bxd4 28. Rd6 0-1

[Event "BL2-Sued 1415"]
[Site "Germany"]
[Date "2014.12.07"]
[Round "4.8"]
[White "Koehler, Ronald"]
[Black "Carbonnel, Pierre"]
[Result "1/2-1/2"]
[WhiteElo "2270"]
[BlackElo "2204"]
[PlyCount "53"]
[EventDate "2014.09.21"]
[EventType "team-tourn"]
[EventRounds "9"]
[EventCountry "GER"]
[SourceTitle "CBM 166 Extra"]
[Source "ChessBase"]
[SourceDate "2015.06.18"]
[SourceVersion "1"]
[SourceVersionDate "2015.06.18"]
[SourceQuality "1"]
[WhiteTeam "Griesheim"]
[BlackTeam "Viernheim"]
[WhiteTeamCountry "GER"]
[BlackTeamCountry "GER"]

1. d4 Nf6 2. c4 g6 3. Nc3 d5 4. Nf3 Bg7 5. Qd3 dxc4 6. Qxc4 0-0 7. e4 a6 8. e5 b5 9. Qb3 Nfd7 10. Be3 c5 11. e6 fxe6 12. dxc5 Nf6 13. Be2 Nc6 14. Rd1 Qa5 15. 0-0 Ng4 16. Bd2 Qc7 17. h3 Rxf3 18. hxg4 Nd4 19. Bxf3 Nxb3 20. Bxa8 Nxc5 21. Be3 b4 22. Ne4 Nxe4 23. Bxe4 Bxb2 24. Bh6 Bd7 25. Rfe1 Ba4 26. Rd3 Bg7 27. Rc1 1/2-1/2

[Event "BL2-Sued 1213"]
[Site "Germany"]
[Date "2012.12.09"]
[Round "4.5"]
[White "Schlindwein, Rolf"]
[Black "Carbonnel, Pierre"]
[Result "1-0"]
[WhiteElo "2417"]
[BlackElo "2201"]
[PlyCount "41"]
[EventDate "2012.10.14"]
[EventType "team-tourn"]
[EventRounds "9"]
[EventCountry "GER"]
[SourceTitle "CBM 154 Extra"]
[Source "ChessBase"]
[SourceDate "2013.06.25"]
[SourceVersion "2"]
[SourceVersionDate "2013.06.25"]
[SourceQuality "1"]
[WhiteTeam "Untergrombach"]
[BlackTeam "Viernheim"]
[WhiteTeamCountry "GER"]
[BlackTeamCountry "GER"]

1. d4 Nf6 2. Bg5 c5 3. Bxf6 gxf6 4. d5 Qb6 5. Qc1 f5 6. e3 Bg7 7. c3 d6 8. Ne2 Nd7 9. Nf4 Nf6 10. Na3 Bd7 11. Be2 Bh6 12. Qd2 Ne4 13. Qc2 e5 14. Nh5 Qd8 15. g3 a6 16. f4 Nf6 17. Nc4 Nxh5 18. Bxh5 Bb5 19. Qxf5 0-0 20. Be2 exf4 21. Bd3 1-0

[Event "BL2-Sued 1112"]
[Site "Germany"]
[Date "2012.04.15"]
[Round "9.6"]
[White "Le Corre, Benjamin"]
[Black "Carbonnel, Pierre"]
[Result "1-0"]
[WhiteElo "2307"]
[BlackElo "2204"]
[PlyCount "96"]
[EventDate "2011.10.02"]
[EventType "team-tourn"]
[EventRounds "9"]
[EventCountry "GER"]
[SourceTitle "EXT 2015"]
[Source "ChessBase"]
[SourceDate "2014.11.20"]
[SourceVersion "1"]
[SourceVersionDate "2014.11.20"]
[SourceQuality "1"]
[WhiteTeam "Saarbruecken"]
[BlackTeam "Viernheim"]
[WhiteTeamCountry "GER"]
[BlackTeamCountry "GER"]

1. e4 c6 2. Nc3 d5 3. Nf3 Bg4 4. h3 Bxf3 5. Qxf3 e6 6. d3 Nd7 7. a3 Ngf6 8. g3 Bc5 9. Bg2 Bd4 10. Bd2 dxe4 11. dxe4 Qb6 12. Rb1 Qa6 13. Qe2 Qxe2+ 14. Kxe2 Nc5 15. Be3 e5 16. b4 Ne6 17. Bd2 0-0 18. Nd1 Rfd8 19. c3 Bb6 20. Ne3 h5 21. Rhd1 h4 22. Nc4 hxg3 23. fxg3 Nh5 24. Be1 f6 25. a4 g6 26. a5 Bc7 27. h4 b5 28. Nb2 c5 29. Bf2 cxb4 30. cxb4 Nd4+ 31. Kf1 Bd6 32. Nd3 Rac8 33. g4 Ng7 34. Nf4 Rc4 35. Nd5 Kf7 36. Rb2 Nge6 37. Kg1 Rdc8 38. Be3 Bf8 39. Rf2 Bxb4 40. Rxf6+ Kg7 41. h5 gxh5 42. gxh5 Ne2+ 43. Kh2 N2f4 44. Rg1 Rc2 45. h6+ Kh7 46. Nxb4 Re2 47. Bxf4 Nxf4 48. Nd5 Rcc2 1-0

[Event "BL2-Sued 1011"]
[Site "Germany"]
[Date "2010.10.24"]
[Round "2.4"]
[White "Carbonnel, Pierre"]
[Black "Netzer, Jean"]
[Result "0-1"]
[WhiteElo "2234"]
[BlackElo "2399"]
[PlyCount "58"]
[EventDate "2010.10.10"]
[EventType "team-tourn"]
[EventRounds "9"]
[EventCountry "GER"]
[SourceTitle "EXT 2012"]
[Source "ChessBase"]
[SourceDate "2011.11.24"]
[SourceVersion "1"]
[SourceVersionDate "2011.11.24"]
[SourceQuality "1"]
[WhiteTeam "Viernheim"]
[BlackTeam "Baden-Baden 1922 II"]
[WhiteTeamCountry "GER"]
[BlackTeamCountry "GER"]

1. e4 c5 2. Nf3 e6 3. d4 cxd4 4. Nxd4 Nc6 5. Nc3 Qc7 6. g3 a6 7. Bg2 d6 8. 0-0 Bd7 9. Re1 Nf6 10. a4 Be7 11. Nb3 0-0 12. f4 Nb4 13. Be3 Rfe8 14. a5 Rac8 15. Bb6 Qb8 16. Re2 e5 17. Rd2 Bg4 18. Bf3 Bxf3 19. Qxf3 Rc4 20. fxe5 dxe5 21. Rad1 Qc8 22. Re2 Qe6 23. Nd2 Rcc8 24. Nf1 Bc5+ 25. Bxc5 Rxc5 26. Ne3 Nc6 27. Ned5 Nd4 28. Rxd4 exd4 29. b4 Rxd5 0-1

[Event "FRA-chT1 1011"]
[Site "France"]
[Date "2010.10.17"]
[Round "1.6"]
[White "Carbonnel, Pierre"]
[Black "Roumegous, Etienne"]
[Result "1-0"]
[WhiteElo "2234"]
[BlackElo "2167"]
[PlyCount "115"]
[EventDate "2010.10.17"]
[EventType "team-tourn"]
[EventRounds "11"]
[EventCountry "FRA"]
[SourceTitle "EXT 2012"]
[Source "ChessBase"]
[SourceDate "2011.11.24"]
[SourceVersion "1"]
[SourceVersionDate "2011.11.24"]
[SourceQuality "1"]

1. e4 e6 2. d4 d5 3. Nc3 Bb4 4. e5 c5 5. Qg4 Kf8 6. Nf3 Nc6 7. a3 Bxc3+ 8. bxc3 Qa5 9. Bd2 Qa4 10. Bd3 c4 11. Be2 Qxc2 12. 0-0 Nge7 13. Rfc1 Qg6 14. Qh3 Nf5 15. g4 f6 16. Kh1 Nfe7 17. exf6 Qxf6 18. Ng5 Kg8 19. f4 Bd7 20. Rf1 Rf8 21. Qe3 Nd8 22. Nf3 Ng6 23. Ne5 Ba4 24. f5 exf5 25. Rxf5 Qe6 26. Raf1 Rf6 27. Nxg6 Qxe3 28. Bxe3 hxg6 29. Rxf6 gxf6 30. Rxf6 Kg7 31. Rf2 Re8 32. Bg5 Bc2 33. Bf6+ Kg8 34. Bf3 Be4 35. Bxe4 dxe4 36. Re2 Nf7 37. Be5 Nxe5 38. Rxe4 Kf7 39. dxe5 b5 40. h4 Ke6 41. Kg2 Rd8 42. Kf3 Rh8 43. Kf4 Rxh4 44. Rd4 Rh3 45. Rd6+ Ke7 46. Rxg6 Rxc3 47. Ra6 Rc1 48. Rxa7+ Ke6 49. Ra6+ Kd5 50. Rd6+ Kc5 51. Rd8 Re1 52. g5 Kc6 53. g6 Kc7 54. g7 Kxd8 55. g8Q+ Kc7 56. Qd5 Kb6 57. e6 Ka5 58. Qd2+ 1-0

[Event "FRA-chT1 0910"]
[Site "France"]
[Date "2009.11.21"]
[Round "4.5"]
[White "Carbonnel, Pierre"]
[Black "Sola, Flavien"]
[Result "1/2-1/2"]
[WhiteElo "2260"]
[BlackElo "1934"]
[PlyCount "100"]
[EventDate "2009.09.27"]
[EventType "team-tourn"]
[EventRounds "11"]
[EventCountry "FRA"]
[SourceTitle "EXT 2011"]
[Source "ChessBase"]
[SourceDate "2010.11.26"]
[SourceVersion "1"]
[SourceVersionDate "2010.11.26"]
[SourceQuality "1"]

1. e4 e5 2. Nf3 Nc6 3. Bb5 a6 4. Ba4 Nf6 5. 0-0 b5 6. Bb3 Be7 7. Re1 0-0 8. a4 Rb8 9. axb5 axb5 10. d3 Re8 11. Nc3 Bb4 12. Bg5 h6 13. Bxf6 Qxf6 14. Nd5 Qd8 15. c3 Bf8 16. h3 d6 17. Nh2 Be6 18. Ng4 Bxd5 19. Bxd5 Ne7 20. Bb3 Qd7 21. Qf3 Ng6 22. g3 Nh8 23. Kg2 c6 24. d4 b4 25. Ba4 bxc3 26. bxc3 Ng6 27. Qf5 Qc7 28. d5 Ne7 29. Qh5 Rec8 30. c4 Rb4 31. dxc6 Ra8 32. Bb5 Rxa1 33. Rxa1 Nxc6 34. Ne3 Rb2 35. Nd5 Qb7 36. Bxc6 Qxc6 37. Ra7 Rxf2+ 38. Kxf2 Qc5+ 39. Kg2 Qxa7 40. Qe2 Qd4 41. h4 g6 42. h5 f5 43. hxg6 Qxe4+ 44. Qxe4 fxe4 45. Nf6+ Kg7 46. Nxe4 Kxg6 47. g4 Kf7 48. Kf3 Ke6 49. Nc3 Be7 50. Ke4 Bd8 1/2-1/2

[Event "BL2-Sued 0910"]
[Site "Germany"]
[Date "2009.11.03"]
[Round "2.7"]
[White "Koehler, Ronald"]
[Black "Carbonnel, Pierre"]
[Result "1-0"]
[WhiteElo "2275"]
[BlackElo "2264"]
[PlyCount "53"]
[EventDate "2009.10.18"]
[EventType "team-tourn"]
[EventRounds "9"]
[EventCountry "GER"]
[SourceTitle "EXT 2011"]
[Source "ChessBase"]
[SourceDate "2010.11.26"]
[SourceVersion "1"]
[SourceVersionDate "2010.11.26"]
[SourceQuality "1"]
[WhiteTeam "Griesheim"]
[BlackTeam "Viernheim"]
[WhiteTeamCountry "GER"]
[BlackTeamCountry "GER"]

1. d4 Nf6 2. c4 e6 3. Nf3 c5 4. d5 exd5 5. cxd5 b5 6. a4 Bb7 7. e4 Nxe4 8. Bxb5 Bd6 9. Qd3 Qa5+ 10. Nc3 Nxc3 11. Bd2 0-0 12. 0-0 Ne2+ 13. Qxe2 Qc7 14. Bc4 Bf4 15. Bc3 d6 16. Qe4 Bh6 17. Rfe1 Nd7 18. a5 a6 19. Qe7 g6 20. h4 Rfc8 21. Kf1 Bf8 22. Qg5 Re8 23. h5 Qd8 24. Qf4 Rxe1+ 25. Rxe1 Be7 26. hxg6 hxg6 27. Qh6 1-0

[Event "Oberliga Baden 0809"]
[Site "Germany"]
[Date "2009.03.01"]
[Round "7.3"]
[White "Carbonnel, Pierre"]
[Black "Schulte, Torsten"]
[Result "1-0"]
[WhiteElo "2276"]
[BlackElo "2200"]
[PlyCount "93"]
[EventDate "2008.10.05"]
[EventType "team-tourn"]
[EventRounds "9"]
[EventCountry "GER"]
[SourceTitle "EXT 2010"]
[Source "ChessBase"]
[SourceDate "2010.11.25"]
[SourceVersion "1"]
[SourceVersionDate "2010.11.25"]
[SourceQuality "1"]
[WhiteTeam "Viernheim"]
[BlackTeam "Eppingen II"]
[WhiteTeamCountry "GER"]
[BlackTeamCountry "GER"]

1. e4 e5 2. Nf3 Nc6 3. Bb5 Nf6 4. Qe2 d6 5. c3 Bd7 6. 0-0 g6 7. d4 Qe7 8. dxe5 Nxe5 9. Nxe5 dxe5 10. Bg5 Bg7 11. Rd1 Bxb5 12. Qxb5+ c6 13. Qe2 0-0 14. Nd2 Rfd8 15. Nc4 h6 16. Bh4 Qe6 17. b3 Rd7 18. Bxf6 Bxf6 19. Rxd7 Qxd7 20. Rd1 Qe7 21. Qd2 Kg7 22. Qd7 Re8 23. Na5 Qxd7 24. Rxd7 Rd8 25. Rxd8 Bxd8 26. Nxb7 Bc7 27. Nc5 Kf6 28. Kf1 Ke7 29. Ke2 Kd6 30. Na4 h5 31. Kd3 Bd8 32. b4 Bh4 33. g3 Bd8 34. h3 Bc7 35. Kc4 Bd8 36. Nc5 Bb6 37. Nd3 Bd8 38. b5 Bc7 39. bxc6 Kxc6 40. Nb4+ Kd6 41. Kb5 Bb6 42. Nd3 f5 43. f3 fxe4 44. fxe4 Bg1 45. c4 Be3 46. c5+ Kc7 47. Nxe5 1-0

[Event "FRA-chT1B 0809"]
[Site "France"]
[Date "2008.11.22"]
[Round "2.4"]
[White "Carbonnel, Pierre"]
[Black "Bedouin, Xavier"]
[Result "0-1"]
[WhiteElo "2276"]
[BlackElo "2403"]
[PlyCount "42"]
[EventDate "2008.10.19"]
[EventType "tourn"]
[EventRounds "11"]
[EventCountry "FRA"]
[SourceTitle "EXT 2010"]
[Source "ChessBase"]
[SourceDate "2010.11.25"]
[SourceVersion "1"]
[SourceVersionDate "2010.11.25"]
[SourceQuality "1"]
[WhiteTeam "Vincennes"]
[BlackTeam "Migne Auxances"]
[WhiteTeamCountry "FRA"]
[BlackTeamCountry "FRA"]

1. e4 e5 2. Bc4 Nf6 3. d3 c6 4. Nf3 Be7 5. Bb3 0-0 6. 0-0 d6 7. c3 Bg4 8. Re1 Nbd7 9. h3 Bh5 10. Nbd2 Qc7 11. d4 Rfe8 12. Nf1 Rad8 13. Ng3 Bg6 14. c4 exd4 15. Nxd4 Nc5 16. Bc2 d5 17. cxd5 cxd5 18. e5 Nfe4 19. b4 Ne6 20. Nxe6 fxe6 21. Ba4 Nc3 0-1

[Event "Oberliga Baden 0809"]
[Site "Germany"]
[Date "2008.10.26"]
[Round "2.1"]
[White "Fogarasi, Tibor"]
[Black "Carbonnel, Pierre"]
[Result "1/2-1/2"]
[WhiteElo "2426"]
[BlackElo "2276"]
[PlyCount "68"]
[EventDate "2008.10.05"]
[EventType "team-tourn"]
[EventRounds "9"]
[EventCountry "GER"]
[SourceTitle "EXT 2010"]
[Source "ChessBase"]
[SourceDate "2010.11.25"]
[SourceVersion "1"]
[SourceVersionDate "2010.11.25"]
[SourceQuality "1"]
[WhiteTeam "Buchen"]
[BlackTeam "Viernheim"]
[WhiteTeamCountry "GER"]
[BlackTeamCountry "GER"]

1. e4 c5 2. Nf3 d6 3. d4 cxd4 4. Nxd4 Nf6 5. Nc3 g6 6. Be2 Bg7 7. 0-0 0-0 8. Re1 Nc6 9. Nb3 Be6 10. Bf1 Rc8 11. Nd5 a5 12. c3 a4 13. Nxf6+ Bxf6 14. Nd4 Nxd4 15. cxd4 Qa5 16. Bd2 Qb6 17. e5 dxe5 18. dxe5 Bg7 19. Bg5 Rc7 20. Qxa4 Qxb2 21. Qb5 Qxb5 22. Bxb5 h6 23. Bh4 Rd8 24. a4 Rd2 25. Bg3 Rcc2 26. h4 Bd5 27. Rad1 Rxd1 28. Rxd1 e6 29. Bf4 g5 30. hxg5 hxg5 31. Bxg5 Bxe5 32. Rc1 Rxc1+ 33. Bxc1 Bd4 34. a5 Bc3 1/2-1/2

[Event "FRA-chT1B 0708"]
[Site "France"]
[Date "2008.04.06"]
[Round "11.2"]
[White "Carbonnel, Pierre"]
[Black "Dobrev, Nanko"]
[Result "0-1"]
[WhiteElo "2311"]
[BlackElo "2448"]
[PlyCount "66"]
[EventDate "2007.10.21"]
[EventType "team-tourn"]
[EventRounds "11"]
[EventCountry "FRA"]
[SourceTitle "EXT 2009"]
[Source "ChessBase"]
[SourceDate "2008.11.26"]
[SourceVersion "1"]
[SourceVersionDate "2008.11.26"]
[SourceQuality "1"]
[WhiteTeam "Vincennes"]
[BlackTeam "Grasse"]
[WhiteTeamCountry "FRA"]
[BlackTeamCountry "FRA"]

1. e4 e5 2. f4 Qh4+ 3. g3 Qe7 4. Nc3 d6 5. Bc4 c6 6. fxe5 dxe5 7. d3 Nf6 8. Nf3 Bg4 9. h3 Bh5 10. g4 Bg6 11. Be3 Nbd7 12. Qd2 Nb6 13. Bb3 h5 14. g5 Nfd7 15. Nh4 Nc5 16. Nxg6 fxg6 17. Rf1 0-0-0 18. Rf7 Nxb3 19. Rxe7 Nxd2 20. Rf7 Ndc4 21. dxc4 Nxc4 22. Bxa7 Bb4 23. a3 Bxc3+ 24. bxc3 Rhf8 25. Rxf8 Rxf8 26. Ke2 Rf4 27. Kd3 Nb2+ 28. Ke3 Na4 29. Bd4 Rh4 30. Bxe5 Rxh3+ 31. Kd2 Nc5 32. Re1 Ne6 33. a4 Nxg5 0-1

[Event "FRA-chT1B 0708"]
[Site "France"]
[Date "2007.11.25"]
[Round "3.5"]
[White "Mohebbi, Jaffar"]
[Black "Carbonnel, Pierre"]
[Result "1-0"]
[WhiteElo "2266"]
[BlackElo "2311"]
[PlyCount "75"]
[EventDate "2007.10.21"]
[EventType "team-tourn"]
[EventRounds "11"]
[EventCountry "FRA"]
[SourceTitle "EXT 2009"]
[Source "ChessBase"]
[SourceDate "2008.11.26"]
[SourceVersion "1"]
[SourceVersionDate "2008.11.26"]
[SourceQuality "1"]
[WhiteTeam "Gambsheim"]
[BlackTeam "Vincennes"]
[WhiteTeamCountry "FRA"]
[BlackTeamCountry "FRA"]

1. d4 Nf6 2. Nf3 g6 3. Nc3 d6 4. e4 Bg7 5. h3 0-0 6. Be3 c6 7. a4 b6 8. Be2 Qc7 9. 0-0 Nbd7 10. Nd2 Bb7 11. f4 e6 12. Qe1 Rae8 13. Qh4 c5 14. Bf3 a6 15. e5 cxd4 16. Bxd4 Nd5 17. Nce4 dxe5 18. fxe5 Nxe5 19. Be2 Ng4 20. hxg4 Bxd4+ 21. Kh1 Bg7 22. g5 Ne3 23. Rf3 Nf5 24. Qh3 f6 25. gxf6 Bxf6 26. Nxf6+ Rxf6 27. Rc3 Qf4 28. Rd3 Qh4 29. Qxh4 Nxh4 30. Nf3 Nf5 31. Ne5 Be4 32. Rc3 Nd4 33. Bf3 Bxf3 34. gxf3 Rf5 35. Re1 Ref8 36. Kg2 Rg5+ 37. Kf2 Rff5 38. Rc8+ 1-0

[Event "Oberliga Baden 0708"]
[Site "Germany"]
[Date "2007.11.04"]
[Round "2.3"]
[White "Carbonnel, Pierre"]
[Black "Schulze, Ulrich"]
[Result "0-1"]
[WhiteElo "2311"]
[BlackElo "2309"]
[PlyCount "52"]
[EventDate "2007.10.21"]
[EventType "team-tourn"]
[EventRounds "9"]
[EventCountry "GER"]
[SourceTitle "EXT 2009"]
[Source "ChessBase"]
[SourceDate "2008.11.26"]
[SourceVersion "1"]
[SourceVersionDate "2008.11.26"]
[SourceQuality "1"]
[WhiteTeam "Viernheim"]
[BlackTeam "Eppingen II"]
[WhiteTeamCountry "GER"]
[BlackTeamCountry "GER"]

1. e4 c5 2. Nf3 Nc6 3. d4 cxd4 4. Nxd4 Nf6 5. Nc3 e5 6. Ndb5 d6 7. Bg5 a6 8. Na3 b5 9. Bxf6 gxf6 10. Nd5 Bg7 11. c3 Ne7 12. Nc2 f5 13. exf5 Bxf5 14. Nce3 Be6 15. a4 Rb8 16. axb5 axb5 17. Ra6 Nxd5 18. Nxd5 0-0 19. Rxd6 Qxd6 20. Nf6+ Bxf6 21. Qxd6 b4 22. Qd3 bxc3 23. Qg3+ Bg7 24. Bd3 cxb2 25. 0-0 Rb3 26. Qe3 Rd8 0-1

[Event "FRA-chT1B 0607"]
[Site "France"]
[Date "2007.03.11"]
[Round "11.5"]
[White "Carbonnel, Pierre"]
[Black "Poisson, Olivier"]
[Result "1-0"]
[WhiteElo "2276"]
[BlackElo "2162"]
[PlyCount "59"]
[EventDate "2006.10.15"]
[EventType "team-tourn"]
[EventRounds "11"]
[EventCountry "FRA"]
[SourceTitle "EXT 2008"]
[Source "ChessBase"]
[SourceDate "2007.11.25"]
[SourceVersion "1"]
[SourceVersionDate "2007.11.25"]
[SourceQuality "1"]
[WhiteTeam "Vincennes"]
[BlackTeam "Marseille Duchamps"]
[WhiteTeamCountry "FRA"]
[BlackTeamCountry "FRA"]

1. e4 d6 2. d4 Nf6 3. Nc3 g6 4. Be3 Bg7 5. Qd2 h6 6. f3 c6 7. 0-0-0 Qc7 8. g4 b6 9. h4 h5 10. g5 Nh7 11. f4 Nf8 12. Bd3 Bg4 13. Rf1 e6 14. Nge2 Nbd7 15. Ng3 d5 16. exd5 cxd5 17. f5 gxf5 18. Nb5 Qc6 19. Bf4 Ng6 20. Nd6+ Kf8 21. Bb5 Qc7 22. Nxf7 Nxf4 23. Nxh8 Bxh8 24. Rxf4 Rc8 25. Re1 Kf7 26. g6+ Kf6 27. Rxg4 hxg4 28. Qg5+ Kg7 29. Qe7+ Kg8 30. Qf7# 1-0

[Event "Oberliga Baden 0607"]
[Site "Germany"]
[Date "2007.02.25"]
[Round "6.4"]
[White "Schulze, Ulrich"]
[Black "Carbonnel, Pierre"]
[Result "1/2-1/2"]
[WhiteElo "2310"]
[BlackElo "2269"]
[PlyCount "55"]
[EventDate "2006.10.15"]
[EventType "team-tourn"]
[EventRounds "9"]
[EventCountry "GER"]
[SourceTitle "EXT 2008"]
[Source "ChessBase"]
[SourceDate "2007.11.25"]
[SourceVersion "1"]
[SourceVersionDate "2007.11.25"]
[SourceQuality "1"]
[WhiteTeam "Eppingen II"]
[BlackTeam "Viernheim"]
[WhiteTeamCountry "GER"]
[BlackTeamCountry "GER"]

1. d4 Nf6 2. c4 g6 3. Nc3 d5 4. cxd5 Nxd5 5. e4 Nxc3 6. bxc3 Bg7 7. Nf3 c5 8. Bb5+ Bd7 9. Bxd7+ Nxd7 10. 0-0 0-0 11. Rb1 Qc7 12. Qb3 b6 13. Bg5 Nf6 14. Bxf6 Bxf6 15. e5 Bg7 16. e6 f5 17. Rbd1 Rfd8 18. dxc5 Qxc5 19. Rd7 Qxc3 20. Qd5 Qc8 21. Rd1 Re8 22. h4 Bf6 23. h5 Qc5 24. hxg6 hxg6 25. Qd2 Kg7 26. Rc1 Qa5 27. Qxa5 bxa5 28. Rc5 1/2-1/2

[Event "BL2-Sued 0102"]
[Site "Germany"]
[Date "2002.04.14"]
[Round "8.6"]
[White "Schneider, Bernd2"]
[Black "Carbonnel, Pierre"]
[Result "1/2-1/2"]
[WhiteElo "2422"]
[BlackElo "2244"]
[PlyCount "64"]
[EventDate "2001.10.07"]
[EventType "team-tourn"]
[EventRounds "9"]
[EventCountry "GER"]
[SourceTitle "CBM 088 Extra"]
[Source "ChessBase"]
[SourceDate "2002.07.01"]
[SourceVersion "2"]
[SourceVersionDate "2002.07.01"]
[SourceQuality "1"]
[WhiteTeam "Eppingen"]
[BlackTeam "Viernheim"]
[WhiteTeamCountry "GER"]
[BlackTeamCountry "GER"]

1. e4 c5 2. Nf3 d6 3. c4 e5 4. Nc3 Nc6 5. Be2 g6 6. 0-0 Bg7 7. d3 Nge7 8. Nd5 0-0 9. a3 Nxd5 10. cxd5 Nd4 11. Nxd4 cxd4 12. Bd2 f5 13. Rc1 Rf7 14. Qa4 Bf8 15. Rc2 f4 16. f3 g5 17. Rfc1 h5 18. Ba5 b6 19. Be1 g4 20. b4 Rg7 21. Qc6 Rb8 22. Qxc8 Rxc8 23. Rxc8 Qf6 24. b5 g3 25. h3 Rd7 26. Bb4 Kf7 27. Bd1 Be7 28. Bb3 Bd8 29. R1c6 Qe7 30. Bc4 Kg7 31. Kf1 Kf7 32. Ke2 Kg7 1/2-1/2

[Event "BL2-Sued 0102"]
[Site "Germany"]
[Date "2002.02.03"]
[Round "5.5"]
[White "Sinz, Bernhard"]
[Black "Carbonnel, Pierre"]
[Result "0-1"]
[WhiteElo "2188"]
[BlackElo "2244"]
[PlyCount "68"]
[EventDate "2001.10.07"]
[EventType "team-tourn"]
[EventRounds "9"]
[EventCountry "GER"]
[SourceTitle "CBM 088 Extra"]
[Source "ChessBase"]
[SourceDate "2002.07.01"]
[SourceVersion "2"]
[SourceVersionDate "2002.07.01"]
[SourceQuality "1"]
[WhiteTeam "Bebenhausen"]
[BlackTeam "Viernheim"]
[WhiteTeamCountry "GER"]
[BlackTeamCountry "GER"]

1. e4 c5 2. Nf3 d6 3. d4 cxd4 4. Nxd4 Nf6 5. Nc3 g6 6. Be3 Bg7 7. f3 Nc6 8. Qd2 0-0 9. 0-0-0 Nxd4 10. Bxd4 Be6 11. Kb1 Qc7 12. g4 Rfc8 13. h4 Qa5 14. Qg5 Qc7 15. Bd3 a6 16. h5 b5 17. hxg6 hxg6 18. Nd5 Bxd5 19. exd5 Qb7 20. Rh2 Qxd5 21. Qxd5 Nxd5 22. Be4 e6 23. Rhd2 Be5 24. Bxd5 exd5 25. Bxe5 dxe5 26. Rxd5 Re8 27. b3 e4 28. fxe4 Rxe4 29. g5 Rae8 30. Kb2 R8e6 31. Kc3 Rc6+ 32. Kd3 Rg4 33. Re1 b4 34. Rd4 Rc3+ 0-1

[Event "BL2-Sued 0102"]
[Site "Germany"]
[Date "2001.11.25"]
[Round "3.6"]
[White "Schmidt, Jessica"]
[Black "Carbonnel, Pierre"]
[Result "1/2-1/2"]
[WhiteElo "2262"]
[BlackElo "2244"]
[PlyCount "97"]
[EventDate "2001.10.07"]
[EventType "team-tourn"]
[EventRounds "9"]
[EventCountry "GER"]
[SourceTitle "CBM 088 Extra"]
[Source "ChessBase"]
[SourceDate "2002.07.01"]
[SourceVersion "2"]
[SourceVersionDate "2002.07.01"]
[SourceQuality "1"]
[WhiteTeam "Baden Oos"]
[BlackTeam "Viernheim"]
[WhiteTeamCountry "GER"]
[BlackTeamCountry "GER"]

1. d4 Nf6 2. c4 e6 3. Nf3 c5 4. d5 exd5 5. cxd5 d6 6. Nc3 g6 7. g3 Bg7 8. Bg2 0-0 9. 0-0 a6 10. a4 Re8 11. a5 Nbd7 12. h3 b5 13. axb6 Nxb6 14. Nd2 Bd7 15. e4 Bb5 16. Nxb5 axb5 17. Rxa8 Qxa8 18. Re1 Nfd7 19. Nb1 c4 20. Nc3 Qa5 21. Ne2 Nc5 22. Nf4 Qb4 23. Re2 Nba4 24. Kh2 Nb3 25. Be3 Nxb2 26. Qc2 Nc5 27. e5 Bxe5 28. Bxc5 Qxc5 29. Nh5 Nd3 30. Nf6+ Bxf6 31. Rxe8+ Kg7 32. f4 Qf2 33. Qxf2 Nxf2 34. Bf1 Nd1 35. Rb8 Ne3 36. Be2 Nxd5 37. Rxb5 Nc3 38. Bxc4 Nxb5 39. Bxb5 d5 40. Kg2 Kf8 41. Kf3 Ke7 42. Bc6 Ke6 43. g4 Bd8 44. Bb5 f5 45. Bd3 fxg4+ 46. hxg4 Kd6 47. Bb1 Kc5 48. f5 g5 49. f6 1/2-1/2

[Event "BL2-Sued 0102"]
[Site "Germany"]
[Date "2001.10.07"]
[Round "1.6"]
[White "Oberst, Thomas"]
[Black "Carbonnel, Pierre"]
[Result "1-0"]
[WhiteElo "2274"]
[BlackElo "2244"]
[PlyCount "57"]
[EventDate "2001.10.07"]
[EventType "team-tourn"]
[EventRounds "9"]
[EventCountry "GER"]
[SourceTitle "CBM 088 Extra"]
[Source "ChessBase"]
[SourceDate "2002.07.01"]
[SourceVersion "2"]
[SourceVersionDate "2002.07.01"]
[SourceQuality "1"]
[WhiteTeam "Ulm"]
[BlackTeam "Viernheim"]
[WhiteTeamCountry "GER"]
[BlackTeamCountry "GER"]

1. e4 c5 2. Nc3 Nc6 3. g3 g6 4. Bg2 Bg7 5. d3 d6 6. Nh3 Nf6 7. f4 Bg4 8. Qd2 Nd4 9. Nf2 Bf3 10. 0-0 h5 11. h3 Bxg2 12. Kxg2 Qa5 13. Qd1 e5 14. fxe5 dxe5 15. Bg5 Nd7 16. Nd5 f6 17. Bd2 Qd8 18. c3 Nc6 19. Qb3 Nb6 20. Be3 Nxd5 21. exd5 Na5 22. Qb5+ Kf7 23. Ne4 b6 24. b4 cxb4 25. cxb4 Nb7 26. Qc6 Rc8 27. Qe6+ Kf8 28. Nxf6 Rc2+ 29. Kg1 1-0